000 00362nam a2200133Ia 4500
008 240624s9999 xx 000 0 und d
041 _aeng
082 _a658.3124 HAY
100 _aHAY JULIE
245 _aSIMULATIONS FOR ASSESSMENT TRAINING AND
260 _c2010
_aMumbai
_bBook Land International Pvt. Ltd.
300 _a583 : p. : cm. ; 29
365 _cRS
_b26
999 _c20674
_d20674